Государственные и муниципальные финансы: учебник для вузов

Xehetasun bibliografikoak
Egile nagusia: Бабич А. М. Анатолий Михайлович
Beste egile batzuk: Павлова Л. Н. Лариса Николаевна
Gaia:Исключено из фонда НТБ ТПУ
Hizkuntza:errusiera
Argitaratua: Москва, Финансы, 2001
Formatua: Liburua
KOHA link:https://koha.lib.tpu.ru/cgi-bin/koha/opac-detail.pl?biblionumber=31580

MARC

LEADER 00000nam0a2200000 4500
001 31580
005 20231030204523.0
010 |a 5238000812 
035 |a (RuTPU)RU\TPU\book\31858 
035 |a BOOK00000023 
090 |a 31580 
100 |a 20011209d2001 m y0rusy50 ca 
101 0 |a rus 
102 |a RU 
105 |a y j 001zy 
200 1 |a Государственные и муниципальные финансы  |e учебник для вузов  |f А. М. Бабич, Л. Н. Павлова 
210 |a Москва  |c Финансы  |c ЮНИТИ  |d 2001 
215 |a 687 с. 
320 |a Библиогр.: с. 682. 
333 |a Исключено из фонда НТБ ТПУ 
686 |a У9(2)261.1я73  |v LBC/SL-A  |2 rubbk 
700 1 |a Бабич  |b А. М.  |g Анатолий Михайлович 
701 1 |a Павлова  |b Л. Н.  |g Лариса Николаевна 
801 0 |a RU  |b 63413507  |c 20011209  |g PSBO 
801 2 |a RU  |b 63413507  |c 20210720  |g PSBO 
942 |c BK